| 000 | 00822nam a2200265Ia 4500 | ||
|---|---|---|---|
| 003 | OSt | ||
| 005 | 20221005062110.0 | ||
| 006 | a|||||r|||| 00| 0 | ||
| 007 | ta | ||
| 008 | 221004b |||||||| |||| 00| 0 eng d | ||
| 020 |
_a9781138816350 (hbk) _cUKP 175.00 |
||
| 024 | _a34636 | ||
| 037 |
_bBBS/23, 15/09/2017, Better Book Service _cTextual |
||
| 040 |
_aCRL _cCRL _beng |
||
| 041 |
_2eng _aeng |
||
| 082 | _aO111:g(NA), Q7 | ||
| 100 |
_aTally Robert T. Ed. _929036 |
||
| 245 | 0 | _aRoutledge handbook of literature and space | |
| 260 |
_aLondon _bRoutledge UK _c2017 |
||
| 300 |
_axvi,375p. _ccm. |
||
| 650 | _a SPACE AND TIME | ||
| 650 | _aENGLISH LITERATURE | ||
| 942 |
_hO111:g(NA), Q7 _cTEXL _2cc |
||
| 999 |
_c969188 _d969188 |
||